000 00468pab a2200169 454500
008 180718b2009 xxu||||| |||| 00| 0 eng d
100 _aLee, Gyoungju
245 _aA spatial statistical approach to identifying areas with poor access to Grocery foods in the city of Buffalo, New York
260 _c2009
300 _ap.1299-315.
362 _aJun
650 _aFood supply
700 _aLim, Hyunwoo
773 _aUrban Studies
908 _aN
909 _a83381
999 _c83381
_d83381